Die sogenannten Hyksosmonumente : eine archäologische Standortbestimmung /

محفوظ في:

المؤلف الرئيسي: Verbovsek, Alexandra (مؤلف)

التنسيق: كتاب

اللغة: German

منشور في: Wiesbaden : Harrassowitz, 2006.

سلاسل: Gottinger Orientforschungen ; 46.
GOF ; 46.

الموضوعات:

الوسوم: إضافة وسم

لا توجد وسوم, كن أول من يضع وسما على هذه التسجيلة!

رقم الطلب: DT57 .G65 v.46

LEADER 01067namaa2200301 4500
001 16066
003 OSt
005 20220105092624.0
008 130303s2006 gw abf g 000 0 ger d
952 |0 0  |1 0  |2 lcc  |3 V.46  |4 0  |6 DT0057 G65 V.00046  |7 1  |9 24204  |a ARCE  |b ARCE  |d 2022-01-05  |l 0  |o DT57 .G65 v.46  |p 1007095  |r 2022-01-05 00:00:00  |w 2022-01-05  |y BK 
999 |c 16220  |d 16220 
010 |a 2007385622 
020 |a 9783447053532 
040 |c ARCE Library 
050 4 |a DT57 .G65 v.46 
100 1 |a Verbovsek, Alexandra,   |e author  |9 41617 
245 1 4 |a Die sogenannten Hyksosmonumente :   |b eine archäologische Standortbestimmung /   |c Alexandra Verbovsek. 
264 1 |a Wiesbaden :   |b Harrassowitz,   |c 2006. 
300 |a x, 183 pages, [27] pages of plates :   |b illustrations, maps ;   |c 24 cm. 
490 1 |a Gottinger Orientforschungen ;   |v 46. 
490 1 |a GOF ;   |v 46. 
650 0 |a Sculpture, Egyptian. 
650 0 |a Hyksos. 
650 0 |a Sphinxes (Mythology) in art. 
830 0 |a Gottinger Orientforschungen ;   |v 46. 
830 0 |a GOF ;   |v 46. 
901 |a reviewed 
942 |c BK  |2 lcc